Quick reference factsheet to guide retailers on asbestos (Record no. 82426)

MARC details
000 -LEADER
fixed length control field 01040cad a22002055a 4500
001 - CONTROL NUMBER
control field E150222
008 - FIXED-LENGTH DATA ELEMENTS--GENERAL INFORMATION
fixed length control field 100615e20100513xxk 000 0 eng d
035 ## - SYSTEM CONTROL NUMBER
System control number (Sirsi) u150222
041 0# - LANGUAGE CODE
Language code of text/sound track or separate title eng
110 2# - MAIN ENTRY--CORPORATE NAME
Corporate name or jurisdiction name as entry element Great Britain
Subordinate unit Health and Safety Executive
245 00 - TITLE STATEMENT
Title Quick reference factsheet to guide retailers on asbestos
Medium [electronic resource]
260 ## - PUBLICATION, DISTRIBUTION, ETC.
Date of publication, distribution, etc. 2010
490 ## - SERIES STATEMENT
Series statement HSE News Release
Volume/sequential designation 13 May 2010
520 ## - SUMMARY, ETC.
Summary, etc. In conjunction with a retail trade body, the BHF-BSSA Group, the HSE has issued a factsheet informing retailers of their legal responsibilities to workers, contractors and customers on asbestos. The BHF-BSSA Group represents over 7 500 small retailers, a sector where compliance with "duty to manage" regulations has been particularly low.
590 ## - LOCAL NOTE (RLIN)
Local note KA
651 #4 - SUBJECT ADDED ENTRY--GEOGRAPHIC NAME
Geographic name Great Britain
Chronological subdivision 1707-
690 ## - LOCAL SUBJECT ADDED ENTRY--TOPICAL TERM (OCLC, RLIN)
Topical term or geographic name as entry element MANAGEMENT-HEALTH AND SAFETY-HAZARDOUS SUBSTANCES-ASBESTOS
856 40 - ELECTRONIC LOCATION AND ACCESS
Uniform Resource Identifier <a href="https://www.hse.gov.uk/press/2010/hse-asbestos-factsheet.htm">https://www.hse.gov.uk/press/2010/hse-asbestos-factsheet.htm</a>
Public note View the news release free of charge at www.hse.gov.uk
942 ## - ADDED ENTRY ELEMENTS (KOHA)
Suppress in OPAC 0
Holdings
Withdrawn status Lost status Source of classification or shelving scheme Damaged status Not for loan Home library Current library Shelving location Date acquired Total Checkouts Full call number Barcode Date last seen Copy number Price effective from Koha item type
    Dewey Decimal Classification     Virtual Virtual Online 15/06/2010   ONLINE PUBLICATION 150222-2001 06/08/2019 1 06/08/2019 Journal article